Julia Lyrics by The Beatles - Statistics

General Stats
  • This quiz has been taken 20 times
  • The average score is 90 of 114
Answer Stats
Answer % Correct
Julia.
100%
Julia,
100%
a
94%
I
94%
is
94%
love,
94%
love
94%
me.
94%
of
94%
sing
88%
So,
88%
song
88%
to
88%
but
82%
calls
82%
it
82%
just
82%
ocean
82%
what
82%
you,
82%
eyes,
76%
for
76%
Half
76%
reach
76%
say
76%
When
76%
child
71%
meaningless,
71%
can
65%
mind,
65%
my
65%
seashell
65%
shimmering,
65%
sun.
65%
windy
65%
glimmering
59%
hair
59%
in
59%
only
59%
smile
59%
speak
59%
the
59%
cannot
53%
heart,
53%
sky
53%
touch
53%
Her
47%
floating
35%
morning
35%
moon,
24%
cloud,
18%
Hm,
18%
hm,
18%
sand,
18%
silent
18%
sleeping
12%
No matching quizzes found
Score Distribution
Percent of People with Each Score
Percentile by Number Answered
Your Score History
You have not taken this quiz